[Event "Buenos Aires Duchamp op 1st"]
[Site "Buenos Aires"]
[Date "2011.09.20"]
[Round "7"]
[White "Natan, Isaac"]
[Black "Denon, Nicole"]
[Result "0-1"]
[WhiteElo "1655"]
[BlackElo "1726"]
[PlyCount "62"]
[EventDate "2011.09.12"]
[EventType "swiss"]
[EventRounds "9"]
[EventCountry "ARG"]
[SourceTitle "EXT 2014"]
[Source "ChessBase"]
[SourceDate "2013.11.20"]
[SourceVersion "1"]
[SourceVersionDate "2013.11.20"]
[SourceQuality "1"]

1. c4 e6 2. Nc3 Nf6 3. Nf3 d5 4. cxd5 exd5 5. e3 c6 6. Be2 Bd6 7. 0-0 0-0 8. a3 a5 9. d4 Re8 10. Bd2 Ne4 11. g3 Bh3 12. Re1 Qf6 13. Bf1 Bg4 14. Be2 Bxf3 15. Bxf3 Nxd2 16. Bxd5 cxd5 17. Qxd2 Qg5 18. Rac1 Nc6 19. Nb5 Rad8 20. Rc2 Re6 21. Rec1 h5 22. h4 Qg4 23. Qe1 Rg6 24. Nxd6 Rdxd6 25. Kh2 Rde6 26. Qd2 Re4 27. Rf1 Qxh4+ 28. Kg2 Qg5 29. Rg1 h4 30. Kf1 Qf5 31. Ke2 Nxd4+ 0-1

[Event "Buenos Aires Duchamp op 1st"]
[Site "Buenos Aires"]
[Date "2011.09.12"]
[Round "1"]
[White "Cativelli, Gerardo"]
[Black "Natan, Isaac"]
[Result "1-0"]
[WhiteElo "2178"]
[BlackElo "1655"]
[PlyCount "63"]
[EventDate "2011.09.12"]
[EventType "swiss"]
[EventRounds "9"]
[EventCountry "ARG"]
[SourceTitle "EXT 2014"]
[Source "ChessBase"]
[SourceDate "2013.11.20"]
[SourceVersion "1"]
[SourceVersionDate "2013.11.20"]
[SourceQuality "1"]

1. d4 Nf6 2. Nf3 g6 3. Bf4 Bg7 4. e3 d6 5. h3 Nbd7 6. Be2 0-0 7. 0-0 c5 8. c3 a6 9. a4 b6 10. Qb3 Bb7 11. Nbd2 Rc8 12. Rfc1 h6 13. Qd1 d5 14. Qf1 c4 15. Qd1 Ne4 16. Nxe4 dxe4 17. Nd2 Bd5 18. Qc2 f5 19. f3 Kh7 20. fxe4 fxe4 21. Nxe4 Nf6 22. Nd2 Bf7 23. e4 b5 24. axb5 axb5 25. Rf1 Ra8 26. Bh2 Qb6 27. Kh1 Ra6 28. Rae1 Kg8 29. Bg1 Qc7 30. e5 Nd5 31. Ne4 g5 32. Nc5 1-0